000 00349nam a2200157Ia 4500
003 Ost
005 20260225132545.0
008 260225s9999||||xx |||||||||||||| ||und||
040 _cfsic
041 _afre
082 _a440
100 _aRachid Mimouni
_eAuteur
245 0 _aL'honneur de la tribu /
245 0 _cRachid Mimouni
942 _cكتاب
999 _c33774
_d33774